000
00274nam a2200121Ia 4500
008
220204s9999 xx 000 0 und d
082
_a
597
_b
HON
245
0
_a
World of fish
260
_a
New York
_b
Peebles
_c
1975
650
_a
Fishes
700
_a
Honder, John
942
_c
BK
999
_c
30265
_d
30265